| 000 | 00852 a2200169 4500 | ||
|---|---|---|---|
| 020 | _a0821348930 (paperback) | ||
| 020 | _a9780821348932 (paperback) | ||
| 082 | 0 | 4 | _a330 |
| 090 |
_c4483 _d4483 |
||
| 100 | 1 | _aBank, The World. | |
| 245 | 1 | 0 |
_aGlobal development finance 2001 : _bcomplete print edition / _cThe World Bank. |
| 260 |
_a[S.l.] : _bOxford University Press, USA, _c2001. |
||
| 300 |
_a944 p. ; _c28 cm. |
||
| 520 | _aThe two volume set provides statistical data for 137 countries that report public and publicly guarenteed debt under World Bank Debt Reporting System. The tables are designed to facilitate cross-country comparison of key statistics, including summary statistical tables for income and regional groups. | ||
| 856 | 4 | 0 |
_3Amazon.com _uhttp://www.amazon.com/exec/obidos/ASIN/0821348930/chopaconline-20 |
| 942 |
_aNBS _cBK _k332 WOR |
||
| 999 |
_c346926 _d346926 |
||